Представление документа в формате MARC21

Поле Инд. ПП Название Значение
Тип записи a
Библиографический уровень m
001 Контрольный номер bd2f8fab7b6d4299ac80b5179660ad82
005 Дата корректировки 20191113122826.9
024 80 a Стандартный номер 10.02.01
040 a Служба первич. каталог. НБ ТвГУ
b Код языка каталог. rus
e Правила каталог. PSBO
041 0_ a Код языка текста rus
080 a Индекс УДК 811.161.1'374(043.3)
084 a Индекс другой классификации/Индекс ББК Ш141.12-003я031
084 a Индекс другой классификации/Индекс ББК Ш141.12-4я031
090 a Полочн. индекс Ш141.12
x Авторский знак Л 22
097 b Оператор Semenova.ZR
100 1_ a Автор Лановая Татьяна Владимировна
245 10 a Заглавие Функциональная модель лексикографического описания номинативных единиц с региональным компонентом значения "Крым"
b Продолж. заглавия автореферат диссертации ... кандидата филологических наук : 10.02.01 - русский язык
c Ответственность науч. рук. Ю. В. Дорофеев ; оппоненты: Е. С. Закирова, Ю. В. Агеева
260 c Дата издания 2018
a Место издания Симферополь
b Издательство б. и.
300 a Объем 22 с.
b Иллюстрации/ тип воспроизводства ил., табл.
500 a Примечание На правах рукописи
502 a Примечание о диссертации Защищена 20.12.2018
653 0_ a Ключевые слова Русский язык
a Ключевые слова Лексикография
a Ключевые слова Лингвострановедение
a Ключевые слова Лингвострановедческие словари
a Ключевые слова Словари русского языка
a Ключевые слова Язык и сознание
a Ключевые слова Антрополингвистика
a Ключевые слова Крым, концепт
a Ключевые слова Концепт "Крым"
a Ключевые слова Языковая картина мира
a Ключевые слова Концептосфера
a Ключевые слова Кандидатские диссертации
a Ключевые слова Авторефераты
700 12 a Другие авторы Дорофеев Юрий Владимирович
e Роль лиц Научный руководитель
700 12 a Другие авторы Закирова Елена Сергеевна
e Роль лиц Оппонент
700 12 a Другие авторы Агеева Юлия Викторовна
e Роль лиц Оппонент
710 12 a Организация/ юрисдикция Крымский республиканский институт постдипломного педагогического образования
e Роль коллектива место выполнения работы
710 12 a Организация/ юрисдикция Рязанский государственный университет им. С. А. Есенина
e Роль коллектива ведущая организация
710 12 a Организация/ юрисдикция Казанский (Приволжский) федеральный университет
e Роль коллектива место защиты
901 t Тип документа d
920 a Оператор Семен
a Оператор Рунт
a Оператор Стро
930 a Новая/Ретро новая
952 c Вид литературы А/Р н
954 b Дата поступления в ОК 20191007
a Дата поступления на обработку 20191011
c Дата окончания ОНО 20191113